000 00371pab a2200145 454500
008 180718b1990 xxu||||| |||| 00| 0 eng d
100 _aUnni, Jeemol
245 _aWork participation of women in India (Review Article)
260 _c1990
300 _a497-8
362 _a10 Mar.
650 _aWomen - India
773 _aEconomic and Political Weekly
909 _a21246
999 _c21246
_d21246